Acid proteases : (Record no. 234636)
[ view plain ]
| 000 -LEADER | |
|---|---|
| fixed length control field | 01007cam a2200253 i 4500 |
| 001 - CONTROL NUMBER | |
| control field | 4611840 |
| 003 - CONTROL NUMBER IDENTIFIER | |
| control field | Nust |
| 005 - DATE AND TIME OF LATEST TRANSACTION | |
| control field | 20170328132018.0 |
| 008 - FIXED-LENGTH DATA ELEMENTS--GENERAL INFORMATION | |
| fixed length control field | 770830s1977 nyua b 101 0 eng |
| 010 ## - LIBRARY OF CONGRESS CONTROL NUMBER | |
| LC control number | 77013032 |
| 020 ## - INTERNATIONAL STANDARD BOOK NUMBER | |
| International Standard Book Number | 0306326957 |
| 040 ## - CATALOGING SOURCE | |
| Transcribing agency | ASAB |
| 050 00 - LIBRARY OF CONGRESS CALL NUMBER | |
| Classification number | QP609.P7 |
| Item number | A24 |
| 082 00 - DEWEY DECIMAL CLASSIFICATION NUMBER | |
| Classification number | 574.1 |
| 240 ## - UNIFORM TITLE | |
| Uniform title | Acid Proteases structure function and biology |
| 245 00 - TITLE STATEMENT | |
| Title | Acid proteases : |
| Remainder of title | structure, function, and biology / |
| Statement of responsibility, etc. | edited by Jordan Tang. |
| 260 ## - PUBLICATION, DISTRIBUTION, ETC. | |
| Place of publication, distribution, etc. | New York : |
| Name of publisher, distributor, etc. | Plenum Press, |
| Date of publication, distribution, etc. | c1977. |
| 300 ## - PHYSICAL DESCRIPTION | |
| Extent | ix, 355 p. : |
| Other physical details | ill. ; |
| Dimensions | 26 cm. |
| 440 #0 - SERIES STATEMENT/ADDED ENTRY--TITLE | |
| Title | Advances in experimental medicine and biology ; |
| Volume/sequential designation | v. 95 |
| 500 ## - GENERAL NOTE | |
| General note | "Proceedings of a conference on acid proteases: structure, function, and biology, held at the University of Oklahoma, Oklahoma City, November 21-24, 1976." |
| 504 ## - BIBLIOGRAPHY, ETC. NOTE | |
| Bibliography, etc. note | Includes bibliographical references and index. |
| 650 #0 - SUBJECT ADDED ENTRY--TOPICAL TERM | |
| Topical term or geographic name entry element | Proteolytic enzymes |
| General subdivision | Congresses. |
| 700 1# - ADDED ENTRY--PERSONAL NAME | |
| Personal name | Tang, Jordan. |
| 906 ## - LOCAL DATA ELEMENT F, LDF (RLIN) | |
| a | 7 |
| b | cbc |
| c | orignew |
| d | 1 |
| e | ocip |
| f | 19 |
| g | y-gencatlg |
| 942 ## - ADDED ENTRY ELEMENTS (KOHA) | |
| Source of classification or shelving scheme | |
| Koha item type | Book |
| Withdrawn status | Lost status | Source of classification or shelving scheme | Damaged status | Not for loan | Collection code | Permanent Location | Current Location | Date acquired | Total Checkouts | Full call number | Barcode | Date last seen | Price effective from | Koha item type |
|---|---|---|---|---|---|---|---|---|---|---|---|---|---|---|
| Central Library (CL) | Central Library (CL) | 03/28/2017 | 574.1 TAN | ASAB1686 | 03/28/2017 | 03/28/2017 | Book |
